[Event "Barcelona Sant Marti op-B 20th"]
[Site "Barcelona"]
[Date "2018.07.14"]
[Round "2"]
[White "Rodriguez Gonzalez, Feliciano"]
[Black "Campos Barrachina, Edgar"]
[Result "0-1"]
[WhiteElo "1403"]
[BlackElo "1689"]
[PlyCount "42"]
[EventDate "2018.07.13"]
[EventType "swiss"]
[EventRounds "9"]
[EventCountry "ESP"]
[SourceTitle "EXT 2019"]
[Source "ChessBase"]
[SourceDate "2018.10.10"]
[SourceVersion "1"]
[SourceVersionDate "2018.10.10"]
[SourceQuality "1"]

1. e4 d5 2. exd5 Qxd5 3. Nc3 Qa5 4. d4 c5 5. Nf3 Nc6 6. dxc5 Bg4 7. Be2 e5 8. Bd2 Bxc5 9. Nd5 Bxf2+ 10. Kxf2 Qxd5 11. Bc3 Qc5+ 12. Kf1 Rd8 13. Qe1 Rd6 14. h3 Bh5 15. b4 Qb6 16. g4 Bg6 17. Rc1 Be4 18. Rh2 Nge7 19. Nxe5 Rf6+ 20. Rf2 Qe3 21. Nxc6 Qxh3+ 0-1

[Event "Maresme op 8th"]
[Site "Maresme"]
[Date "2011.11.05"]
[Round "7"]
[White "Campos Barrachina, Edgar"]
[Black "Ros Bosch, Carles"]
[Result "0-1"]
[WhiteElo "1680"]
[BlackElo "1843"]
[PlyCount "50"]
[EventDate "2011.09.24"]
[EventType "swiss"]
[EventRounds "9"]
[EventCountry "ESP"]
[SourceTitle "EXT 2013"]
[Source "ChessBase"]
[SourceDate "2012.11.22"]
[SourceVersion "1"]
[SourceVersionDate "2012.11.22"]
[SourceQuality "1"]

1. c4 e5 2. g3 Nf6 3. Bg2 Nc6 4. Nc3 Be7 5. d3 d6 6. Nf3 Bg4 7. e3 Qd7 8. 0-0 h5 9. h4 Nh7 10. Nd5 g5 11. Nxe7 Nxe7 12. Qb3 c6 13. Nxg5 Nxg5 14. hxg5 0-0-0 15. f3 Bh3 16. Kh2 Bxg2 17. Kxg2 Rdg8 18. e4 h4 19. g4 Ng6 20. Be3 Nf4+ 21. Bxf4 exf4 22. Qc3 h3+ 23. Kf2 Qd8 24. Qf6 Qb6+ 25. d4 Qxb2+ 0-1

[Event "Maresme op 8th"]
[Site "Maresme"]
[Date "2011.10.22"]
[Round "5"]
[White "Campos Barrachina, Edgar"]
[Black "Maynat Diaz, Jose Antonio"]
[Result "0-1"]
[WhiteElo "1680"]
[BlackElo "1881"]
[PlyCount "50"]
[EventDate "2011.09.24"]
[EventType "swiss"]
[EventRounds "9"]
[EventCountry "ESP"]
[SourceTitle "EXT 2013"]
[Source "ChessBase"]
[SourceDate "2012.11.22"]
[SourceVersion "1"]
[SourceVersionDate "2012.11.22"]
[SourceQuality "1"]

1. c4 c5 2. g3 e5 3. Bg2 Nc6 4. d3 d6 5. Nc3 Nf6 6. Nf3 h6 7. 0-0 Be7 8. a3 Be6 9. Bd2 Qd7 10. Rb1 Bh3 11. b4 Bxg2 12. Kxg2 h5 13. h4 Nd4 14. e4 Nxf3 15. Qxf3 Nh7 16. Nd5 g5 17. Qxh5 gxh4 18. Nxe7 Kxe7 19. bxc5 f6 20. cxd6+ Kxd6 21. Rb5 Kc6 22. Rd5 Qe6 23. Bb4 Ng5 24. Qxg5 fxg5 25. Rd6+ Qxd6 0-1

[Event "Maresme op 8th"]
[Site "Maresme"]
[Date "2011.10.08"]
[Round "3"]
[White "Molero Tejada, Santiago"]
[Black "Campos Barrachina, Edgar"]
[Result "0-1"]
[WhiteElo "1950"]
[BlackElo "1680"]
[PlyCount "112"]
[EventDate "2011.09.24"]
[EventType "swiss"]
[EventRounds "9"]
[EventCountry "ESP"]
[SourceTitle "EXT 2013"]
[Source "ChessBase"]
[SourceDate "2012.11.22"]
[SourceVersion "1"]
[SourceVersionDate "2012.11.22"]
[SourceQuality "1"]

1. d4 Nf6 2. Bf4 e6 3. e3 b6 4. Nf3 Bb7 5. a3 d5 6. c4 Bd6 7. Bg3 Ne4 8. Nbd2 Nxg3 9. hxg3 Nd7 10. cxd5 exd5 11. Bd3 Nf6 12. Rc1 Qe7 13. Bb5+ Nd7 14. Qc2 h6 15. 0-0 0-0 16. Rfe1 Nf6 17. Bc6 Bxc6 18. Qxc6 a5 19. e4 dxe4 20. Nxe4 Nxe4 21. Rxe4 Qf6 22. Rce1 Rad8 23. R1e2 Qf5 24. Kf1 Qd7 25. Qxd7 Rxd7 26. Ke1 b5 27. Rc2 b4 28. a4 f5 29. Ree2 Rf6 30. Ne5 Re7 31. f4 g5 32. b3 gxf4 33. gxf4 Rg7 34. Re3 Bxe5 35. dxe5 Rfg6 36. Kf1 Rg3 37. Rce2 Kf8 38. e6 Ke7 39. Kg1 Rxe3 40. Rxe3 Rg6 41. Re5 Rg3 42. Rxf5 Kxe6 43. Rxa5 Rxb3 44. Ra6+ Kf5 45. Rxh6 Rb1+ 46. Kf2 Ra1 47. a5 b3 48. Rh5+ Kxf4 49. Rh4+ Ke5 50. Rb4 Ra2+ 51. Kg1 b2 52. Kh2 c5 53. Rb5 Kd4 54. a6 c4 55. Rb8 Kd3 56. Kh3 Kc2 0-1